Personnalités au hasard #66 - Statistiques

Statistiques générales
  • Ce quiz a été pris 137 fois
  • Le résultat moyen est 7 sur 32
Statistiques - réponses
Par images Réponse % Correct
Céline Dion
84%
Lomepal
58%
Andrew Garfield
57%
Wejdene
50%
Willem Dafoe
41%
James Brown
39%
Hugh Laurie
37%
Walt Disney
36%
Ursula von der Leyen
31%
NasDas
28%
Bill Murray
26%
Chris Rock
24%
Jok'Air
20%
Rick Ross
19%
Christopher Walken
17%
Léonid Brejnev
16%
Ricky Gervais
16%
Penn Badgley
15%
Jeff Bridges
9%
Pythagore
9%
Dau
8%
Félix Faure
6%
Milo Machado-Graner
5%
Wes
5%
Angela Bassett
4%
Jean Casimir-Perier
3%
Jess Glynne
3%
Labrinth
2%
Camille Chautemps
1%
Germaine de Staël
1%
James Madison
1%
Sibyle Veil
1%
Aucun quiz correspondant
Distribution des résultats
% des personnes avec chaque résultat
Percentile par nombre de réponses
Votre historique - résultats
Vous n’avez pas pris ce quiz